Animaux par lettre - A - Statistiques

Statistiques générales
  • Ce quiz a été pris 117 fois
  • Le résultat moyen est 11 sur 15
Statistiques - réponses
Questions Réponses % Correct
Quel animal représenté par Maya, fait l'objet de l'apiculture ? Abeille
100%
Quel perroquet vivant en Amérique tropicale est connue pour ses couleurs vives ? Ara
97%
Quel animal faisant partie de la famille des équidés a pour mâle reproducteur le baudet ? Âne
92%
Quel petit animal à huit pattes fait l'objet de l'arachnophobie ? Araignée
91%
Quel oiseau est l'animal symbole de l'Allemagne depuis l'époque médiévale ? Aigle
90%
Quel reptile au teint brun noirâtre se diffère du crocodile par sa mâchoire plus longue ? Alligator
86%
De quel oiseau plume-t-on le bec dans une célèbre chanson ? Alouette
78%
Quel animal du genre Struthio est le plus gros oiseau terrestre ? Autruche
68%
Quel poisson serpentiforme est très apprécié par les pêcheurs lorsqu'elle est "civette" ? Anguille
66%
Quel oiseau majestueux fait l'objet d'un poème de Baudelaire dans Les Fleurs du Mal ? Albatros
57%
Quel animal est le symbole de la victime innocente dans les religions chrétienne et juive ? Agneau
56%
Quel animal pouvant atteindre plus de 10 mètres a pour autre nom "eunecte" ? Anaconda
55%
Quel groupement de la famille des bovidés réunit les gazelles, gnous et impalas ? Antilope
51%
Quel animal des fonds marins peut également être appelé "Ortie de mer" ? Anémone
48%
Quel poisson de rivière au corps argenté mesure entre 10 et 15 centimètres ? Ablette
19%
Aucun quiz correspondant
Distribution des résultats
% des personnes avec chaque résultat
Percentile par nombre de réponses
Votre historique - résultats
Vous n’avez pas pris ce quiz